Industrial lubrication and tribology. Volume 63, Number?, Selected papers from the 3rd International Conference on Integrity, Reliability and Failure 2009

Bibliographic Details
Corporate Authors: ProQuest (Firm), International Conference on Integrity, Reliability & Failure
Other Authors: Seabra, J.
Format: Electronic Conference Proceeding eBook
Language:English
Published: [Bradford, UK] : Emerald, 2011.
Series:Industrial lubrication and tribology ; v. 63, no. 1
Subjects:
Online Access:Click to View
LEADER 01543nam a2200361Ia 4500
001 EBC683436
003 MiAaPQ
005 20200520144314.0
006 m o d |
007 cr cn|||||||||
008 110527s2011 enka sb 000 0 eng d
020 |z 9780857248374 
035 |a (MiAaPQ)EBC683436 
035 |a (Au-PeEL)EBL683436 
035 |a (CaPaEBR)ebr10464502 
035 |a (CaONFJC)MIL307142 
035 |a (OCoLC)714569501 
040 |a MiAaPQ  |c MiAaPQ  |d MiAaPQ 
050 4 |a TJ1075.A2  |b S28631 2011 
245 0 0 |a Industrial lubrication and tribology.  |n Volume 63, Number?,  |p Selected papers from the 3rd International Conference on Integrity, Reliability and Failure 2009  |h [electronic resource] /  |c guest editor: Jorge Seabra. 
260 |a [Bradford, UK] :  |b Emerald,  |c 2011. 
300 |a 56 p. :  |b ill. 
490 0 |a Industrial lubrication and tribology ;  |v v. 63, no. 1 
500 |a "Covers all automotive and industrial applications of lubricants". 
504 |a Includes bibliographical references. 
533 |a Electronic reproduction. Ann Arbor, MI : ProQuest, 2015. Available via World Wide Web. Access may be limited to ProQuest affiliated libraries. 
650 0 |a Lubrication and lubricants. 
650 0 |a Tribology. 
655 4 |a Electronic books. 
700 1 |a Seabra, J.  |q (Jorge) 
710 2 |a ProQuest (Firm) 
711 2 |a International Conference on Integrity, Reliability & Failure  |n (3rd :  |d 2009 :  |c Portugal) 
856 4 0 |u https://ebookcentral.proquest.com/lib/matrademy/detail.action?docID=683436  |z Click to View